000
00310nam a2200109Ia 4500
008
200302s9999 xx 000 0 und d
100
_a
I. P. Gautam and Others
245
_a
Innovations in design Ahmedabad bus rapid transit system
260
_b
CEPT University Mapin Publication
260
_c
2014
300
_a
197
999
_c
7015
_d
7015